Deutsch-Slowakische Industrie- und Handelskammer und ihre Förderung der Wirtschaftsbeziehungen zwischen Deutschland und der Slowakei bakalárska práca

Salvato in:
Dettagli Bibliografici
Autore principale: Suchá, Juliana
Ente Autore: Fakulta aplikovaných jazykov EU v Bratislave. Katedra interkultúrnej komunikácie
Altri autori: Paté, Magdaléna, 1980-
Natura: Libro
Lingua:tedesco
Pubblicazione: Bratislava 2019
Tags: Aggiungi Tag
Nessun Tag, puoi essere il primo ad aggiungerne!!

MARC

LEADER 00000nbm a2200000 4500
001 0254716
005 20191111090246.4
041 0 |a ger 
044 |a SK 
245 1 0 |a Deutsch-Slowakische Industrie- und Handelskammer und ihre Förderung der Wirtschaftsbeziehungen zwischen Deutschland und der Slowakei  |b bakalárska práca  |c Juliana Suchá ; školiteľ: Magdaléna Paté 
264 1 |a Bratislava  |c 2019 
300 |a 61 s. 
100 1 |a Suchá, Juliana 
700 1 |a Paté, Magdaléna, 1980- 
710 2 |a Fakulta aplikovaných jazykov EU v Bratislave. Katedra interkultúrnej komunikácie